000 00297nam a2200133Ia 4500
008 260604s9999 xx 000 0 und d
020 _a9788197349492
082 _a808.3 DIC
100 _aDickens
_935428
245 0 _aA Christmast Carol
260 _bBLUEONE
500 _aChristmas
942 _cBK
999 _c8243
_d8243